Statistics for Top 50 Countries by Area - In Order

Click here to take the quiz!

General Stats

  • This quiz has been taken 35,100 times
  • The average score is 21 of 50

Answer Stats

Area Country % Correct
17,098,242RRussia
100%
9,984,670CCanada
97%
9,640,821CChina
97%
9,526,468UUnited States
95%
8,514,877BBrazil
95%
3,287,590IIndia
92%
7,692,024AAustralia
90%
2,724,900KKazakhstan
84%
2,780,400AArgentina
83%
2,381,741AAlgeria
68%
1,904,569IIndonesia
66%
1,964,375MMexico
64%
2,344,858DD.R. Congo
55%
2,149,690SSaudi Arabia
50%
1,648,195IIran
49%
1,564,110MMongolia
49%
1,285,216PPeru
49%
1,759,540LLibya
48%
1,886,068SSudan
47%
1,267,000NNiger
43%
527,968YYemen
42%
916,445VVenezuela
42%
752,612ZZambia
41%
640,679FFrance
36%
1,284,000CChad
35%
1,104,300EEthiopia
34%
603,500UUkraine
31%
1,141,748CColombia
31%
783,562TTurkey
30%
1,240,192MMali
30%
881,912PPakistan
29%
1,246,700AAngola
29%
1,002,450EEgypt
28%
1,221,037SSouth Africa
27%
923,768NNigeria
25%
1,098,581BBolivia
23%
945,087TTanzania
23%
580,367KKenya
20%
1,030,700MMauritania
19%
825,615NNamibia
16%
756,102CChile
16%
513,120TThailand
14%
652,230AAfghanistan
14%
801,590MMozambique
13%
587,041MMadagascar
10%
637,657SSomalia
8%
581,730BBotswana
8%
676,578MMyanmar
8%
619,745SSouth Sudan
7%
622,984CCentral African Republic
6%

Score Distribution

Percentile by Number Answered

Percent of People with Each Score

Your Score History

You have not taken this quiz